000 00513nam a22001817a 4500
005 20251108173317.0
008 250721s9999 xx 000 0 ara d
020 _a9953721181
082 1 4 _a615.882/رزق
100 1 _aرزق، هيام
245 1 0 _aأسرار العلاج بالزيتون /
264 _bدار القلم للطباعة و النشر و التوزيع،
300 _a104 ص
650 1 7 _aالطب الشعبي
650 1 7 _aالزيتون
942 _2ddc
_cBK
999 _c100962
_d100962